[Event "Asia-ch Seniors 50"]
[Site "Larestan"]
[Date "2015.09.25"]
[Round "1"]
[White "Khakpour, Mansour"]
[Black "Khakpoor, Abbas"]
[Result "1-0"]
[WhiteElo "1516"]
[BlackElo "2197"]
[PlyCount "107"]
[EventDate "2015.09.25"]
[EventType "swiss"]
[EventRounds "9"]
[EventCountry "IRI"]
[SourceTitle "EXT 2017"]
[Source "ChessBase"]
[SourceDate "2016.10.25"]
[SourceVersion "1"]
[SourceVersionDate "2016.10.25"]
[SourceQuality "1"]

1. d4 Nf6 2. c4 d6 3. Nc3 g6 4. e4 Bg7 5. h3 0-0 6. Nf3 c6 7. Be2 a6 8. 0-0 Nbd7 9. Be3 b5 10. a3 bxc4 11. Bxc4 d5 12. exd5 Nb6 13. Ba2 cxd5 14. Ne5 Be6 15. Rc1 Rc8 16. Qd2 Nc4 17. Bxc4 dxc4 18. Rfd1 Nd5 19. Bh6 f6 20. Nf3 Nxc3 21. Rxc3 Bd5 22. Bxg7 Kxg7 23. Nh2 e6 24. Rdc1 Qd7 25. Nf1 Rfd8 26. Ne3 Kg8 27. Ng4 Qe7 28. Qf4 f5 29. Ne5 Qf6 30. Rg3 Be4 31. Qh6 f4 32. Rg4 Rxd4 33. Qxf4 Qxf4 34. Rxf4 Rf8 35. Rxf8+ Kxf8 36. Nxc4 Ke7 37. f3 Bd5 38. Ne3 Kd6 39. Rd1 Rf4 40. Rd2 h5 41. Kf2 Kc5 42. b4+ Kc6 43. Rc2+ Kd6 44. Rc3 a5 45. Nc2 axb4 46. axb4 Rf7 47. Ke3 g5 48. Ra3 Rc7 49. Nd4 Ke5 50. Ne2 Rc2 51. Rc3 Rb2 52. f4+ gxf4+ 53. Nxf4 Rxb4 54. Nd3+ 1-0